Equipos españoles más seguidos dentro y fuera de España - Estadísticas

Estadísticas generales
  • Esta prueba ha sido intentada 6.449 veces
    6.389 desde el último reinicio
  • La puntuación promedio es 9 de 12
Estadísticas de respuestas
Peñas (España) Peñas (Extranjero) Equipo % Correcto
1111 164 FC Barcelona
100%
1978 240 Real Madrid
100%
525 40 Atlético de Madrid
98%
319 19 Sevilla FC
96%
327 14 Real Betis
93%
253 22 Valencia CF
92%
479 16 Athletic Club
83%
4 Real Sociedad
79%
179 RCD Espanyol
61%
200 9 RC Deportivo de La Coruña
58%
137 Real Zaragoza
51%
4 Cádiz CF
33%
No se encontraron pruebas coincidentes
Distribución de puntuación
Porcentaje de gente con cada puntuación
Porcentaje por número respondido
Historial de tus puntuaciones
No has intentado esta prueba desde el último reinicio